000 00530nam a2200217Ia 4500
003 OSt
005 20140312074909.0
008 140130s9999 xx 000 0 und d
020 _a0439848385
050 _aGV 955.5.N35
_b.P63 2006
100 _aPolzer, Tim
245 _aPlaymakers Reader /
_cTim Polzer.
260 _bScholastic,
_c2006.
_aNew York :
300 _a28 p. :
_bcol. ill. ;
_c22 cm.
440 _v1
521 _aG12
526 _c1240
650 _aFootball players.
942 _cBK
_2lcc
999 _c41444
_d41444